00349nam a2200121Ia 4500008004100000041000800041082001200049100001900061245004300080260004100123300001900164520004400183240719s9999 xx 000 0 und d aeng a920 KAK aKakar, Prahlad aAdman Madman: Unapologetically Prahlad aNew DehlibHarperCollins Indiac2023 a526;. P. 22 cm aFaculty Purchase By Dr. Jitendra Sharma